Statistics for Arizona Cities Map Quiz

Click here to take the quiz!

General Stats

  • This quiz has been taken 83 times
  • The average score is 6 of 10

Answers on the Map

Answers color-coded by a green-red scale on the quiz's map according to % correct below.
Loading ...
 

Answer Stats

Answer% Correct
Phoenix
96%
Tucson
89%
Yuma
83%
Flagstaff
66%
Colorado City
62%
Lake Havasu City
57%
Prescott
55%
Sierra Vista
51%
Page
47%
Holbrook
34%

Score Distribution

Percentile by Number Answered

Percent of People with Each Score

Your Score History

You have not taken this quiz